[Event "Box Hill op"]
[Site "Box Hill"]
[Date "2001.09.07"]
[Round "1.16"]
[White "Bourmistrov, Alex"]
[Black "Holt, Kenneth P"]
[Result "1/2-1/2"]
[WhiteElo "1543"]
[BlackElo "1784"]
[PlyCount "96"]
[EventDate "2001.09.??"]
[EventType "swiss"]
[EventRounds "7"]
[EventCountry "AUS"]
[SourceTitle "EXT 2003"]
[Source "ChessBase"]
[SourceDate "2002.11.25"]
[SourceVersion "1"]
[SourceVersionDate "2002.11.25"]
[SourceQuality "1"]

1. d4 d5 2. c4 c6 3. e3 Nf6 4. Nc3 Bf5 5. cxd5 cxd5 6. Nf3 e6 7. Nh4 Bg4 8. f3 Bh5 9. g3 Nc6 10. Be2 Bd6 11. f4 Bxe2 12. Qxe2 0-0 13. 0-0 a6 14. Nf3 Rc8 15. Bd2 b5 16. Rac1 Qe7 17. Ne5 Qb7 18. Nd1 Ne4 19. Nf2 Nxe5 20. fxe5 Nxd2 21. Qxd2 Be7 22. Nd3 Rc4 23. b3 Rcc8 24. Rxc8 Rxc8 25. Rc1 h6 26. Rxc8+ Qxc8 27. Qc1 Qxc1+ 28. Nxc1 Kf8 29. Kf2 Ke8 30. Nd3 Kd7 31. Ke2 Kc6 32. Kd2 b4 33. Ke2 a5 34. Kf3 Bf8 35. Kg4 Kd7 36. Kh5 g6+ 37. Kg4 Be7 38. Kf3 Ke8 39. h3 Bd8 40. h4 Ke7 41. Kg4 f6 42. Kf4 fxe5+ 43. Nxe5 Bc7 44. g4 Kf8 45. g5 hxg5+ 46. hxg5 Kg7 47. Kf3 Bd8 48. Kf4 Bc7 1/2-1/2

[Event "Box Hill CC-ch"]
[Site "Box Hill"]
[Date "2000.06.23"]
[Round "8.15"]
[White "Nincevic, Anton"]
[Black "Bourmistrov, Alex"]
[Result "1/2-1/2"]
[WhiteElo "1482"]
[BlackElo "1617"]
[PlyCount "43"]
[EventDate "2000.??.??"]
[EventType "swiss"]
[EventRounds "9"]
[EventCountry "AUS"]
[SourceTitle "EXT 2003"]
[Source "ChessBase"]
[SourceDate "2002.11.25"]
[SourceVersion "1"]
[SourceVersionDate "2002.11.25"]
[SourceQuality "1"]

1. d4 Nf6 2. Nf3 g6 3. b3 Bg7 4. Bb2 0-0 5. e3 d5 6. Be2 Nbd7 7. 0-0 Re8 8. c4 e6 9. Nc3 c5 10. cxd5 cxd4 11. Nxd4 Nxd5 12. Nxd5 exd5 13. Rb1 Nc5 14. Nf3 Bf5 15. Rc1 Nd3 16. Bxd3 Bxd3 17. Qxd3 Bxb2 18. Rc5 Qe7 19. Rxd5 Qa3 20. Qb1 Rac8 21. Rfd1 Kg7 22. Rd7 1/2-1/2

[Event "Box Hill CC-ch"]
[Site "Box Hill"]
[Date "2000.06.16"]
[Round "7.8"]
[White "Bourmistrov, Alex"]
[Black "Nemeth, Janos2222"]
[Result "0-1"]
[WhiteElo "1617"]
[BlackElo "1855"]
[PlyCount "58"]
[EventDate "2000.??.??"]
[EventType "swiss"]
[EventRounds "9"]
[EventCountry "AUS"]
[SourceTitle "EXT 2003"]
[Source "ChessBase"]
[SourceDate "2002.11.25"]
[SourceVersion "1"]
[SourceVersionDate "2002.11.25"]
[SourceQuality "1"]

1. d4 d5 2. c4 e6 3. cxd5 exd5 4. Nc3 Nf6 5. e3 Bd6 6. Bd3 c6 7. Nge2 Qc7 8. Qc2 0-0 9. Ng3 Re8 10. Nf5 Bxf5 11. Bxf5 Nbd7 12. Ne2 g6 13. Bd3 Nf8 14. Ng3 Ne6 15. 0-0 Ng5 16. f4 Nge4 17. Rf3 Qa5 18. Qe2 Nxg3 19. hxg3 Ne4 20. g4 Nf6 21. g5 Ne4 22. g4 Re7 23. Rh3 Rae8 24. Bxe4 Rxe4 25. Bd2 Qb6 26. Qh2 Bxf4 27. exf4 Re2 28. Qh1 Qxd4+ 29. Be3 R8xe3 0-1

[Event "Box Hill CC-ch"]
[Site "Box Hill"]
[Date "2000.05.19"]
[Round "3.16"]
[White "Elbrish, Sam"]
[Black "Bourmistrov, Alex"]
[Result "0-1"]
[WhiteElo "1462"]
[BlackElo "1617"]
[PlyCount "58"]
[EventDate "2000.??.??"]
[EventType "swiss"]
[EventRounds "9"]
[EventCountry "AUS"]
[SourceTitle "EXT 2003"]
[Source "ChessBase"]
[SourceDate "2002.11.25"]
[SourceVersion "1"]
[SourceVersionDate "2002.11.25"]
[SourceQuality "1"]

1. e4 c5 2. b3 Nc6 3. Bb2 d6 4. Nc3 Nf6 5. g3 g6 6. Bg2 Bg7 7. d3 0-0 8. Nf3 Bg4 9. h3 Bd7 10. Ne2 Qc7 11. Qd2 Nxe4 12. dxe4 Bxb2 13. Rd1 Bg7 14. 0-0 Rad8 15. Nf4 Qc8 16. Kh2 Bh6 17. Qc3 b5 18. Nd5 Bg7 19. Qd3 b4 20. Rg1 f5 21. exf5 Bxf5 22. Qe2 Rde8 23. Ne3 Bd7 24. Ng5 Nd4 25. Qc4+ e6 26. f4 Bb5 27. Qxe6+ Nxe6 28. Nxe6 Kh8 29. Nxf8 Rxe3 0-1